[Event "CZE-chT2B 1617"]
[Site "Czech Republic"]
[Date "2017.02.26"]
[Round "9.7"]
[White "Sedivy, Ales"]
[Black "Chaloupka, Martin"]
[Result "0-1"]
[WhiteElo "1914"]
[BlackElo "2058"]
[PlyCount "48"]
[EventDate "2016.10.09"]
[EventType "team-tourn"]
[EventRounds "11"]
[EventCountry "CZE"]
[SourceTitle "EXT 2022"]
[Source "ChessBase"]
[SourceDate "2021.10.06"]
[SourceVersion "1"]
[SourceVersionDate "2021.10.06"]
[SourceQuality "1"]
[WhiteTeam "Horice"]
[BlackTeam "Litomerice"]
[WhiteTeamCountry "CZE"]
[BlackTeamCountry "CZE"]

1. f4 d5 2. b3 Bf5 3. Bb2 Nf6 4. Nf3 c5 5. e3 Nc6 6. Bb5 g6 7. Bxc6+ bxc6 8. d3 Bg7 9. Qe2 0-0 10. 0-0 Qb6 11. Nc3 c4 12. dxc4 dxc4 13. Na4 Qa6 14. Ne5 Rad8 15. Rad1 Rd5 16. h3 Ne4 17. Kh2 Rfd8 18. Rxd5 cxd5 19. Bd4 f6 20. Nf3 Qa5 21. Qe1 Qc7 22. g3 cxb3 23. cxb3 Qc2+ 24. Kg1 Bxh3 0-1

[Event "CZE-chT2b 0607"]
[Site "Czech Republic"]
[Date "2007.04.15"]
[Round "11"]
[White "Korsa, Jindrich"]
[Black "Chaloupka, Martin"]
[Result "1-0"]
[WhiteElo "2108"]
[BlackElo "1800"]
[PlyCount "95"]
[EventDate "2006.10.15"]
[EventType "team"]
[EventRounds "11"]
[EventCountry "CZE"]
[SourceTitle "EXT 2009"]
[Source "ChessBase"]
[SourceDate "2008.11.26"]
[SourceVersion "1"]
[SourceVersionDate "2008.11.26"]
[SourceQuality "1"]

1. e4 e6 2. Nc3 d5 3. g4 c5 4. Bg2 d4 5. Nce2 e5 6. Ng3 Nc6 7. d3 Be6 8. h3 c4 9. N1e2 cxd3 10. cxd3 Bb4+ 11. Kf1 Nge7 12. f4 f6 13. f5 Bf7 14. Bf3 Rc8 15. g5 Ng8 16. h4 Be7 17. Nh5 Kf8 18. Rg1 g6 19. gxf6 Nxf6 20. Bh6+ Ke8 21. Ng7+ Kd7 22. Ne6 Bxe6 23. fxe6+ Kc7 24. Rc1 Kb8 25. a3 Qd6 26. Qb3 Na5 27. Qa2 Rxc1+ 28. Nxc1 Re8 29. Bg5 Bd8 30. Bxf6 Bxf6 31. Qd5 Qc7 32. Ne2 Rd8 33. Qb5 Bxh4 34. Kg2 a6 35. Qa4 Nc6 36. b4 Qe7 37. b5 axb5 38. Qxb5 Qg5+ 39. Kh2 Qe7 40. Rb1 Qc7 41. Nc1 Rf8 42. Bg2 Na7 43. Qb3 Qe7 44. Na2 Bf2 45. Bh3 Nc6 46. Qd5 Qc7 47. Nb4 Ne7 48. Na6+ 1-0

[Event "CZE-chT2b 0607"]
[Site "Czech Republic"]
[Date "2007.03.25"]
[Round "10"]
[White "Chaloupka, Martin"]
[Black "Kucera, Vladimir"]
[Result "1/2-1/2"]
[WhiteElo "1800"]
[BlackElo "2075"]
[PlyCount "65"]
[EventDate "2006.10.15"]
[EventType "team"]
[EventRounds "11"]
[EventCountry "CZE"]
[SourceTitle "EXT 2009"]
[Source "ChessBase"]
[SourceDate "2008.11.26"]
[SourceVersion "1"]
[SourceVersionDate "2008.11.26"]
[SourceQuality "1"]

1. d4 d5 2. c4 Nf6 3. Nf3 c6 4. Nc3 e6 5. Bg5 Nbd7 6. e3 Qa5 7. Nd2 Bb4 8. Qc2 Ne4 9. Ndxe4 dxe4 10. Bf4 e5 11. Bg3 exd4 12. exd4 0-0 13. Be2 f5 14. Bf4 Qd8 15. c5 Nf6 16. Qb3+ Nd5 17. 0-0 Bxc3 18. bxc3 Kh8 19. Bd6 Rf6 20. c4 Ne7 21. f3 exf3 22. Bxf3 Ng6 23. Rae1 Nh4 24. d5 Nxf3+ 25. Qxf3 Rf7 26. dxc6 bxc6 27. Re5 Bd7 28. Rfe1 Qf6 29. Be7 Qg6 30. Qd3 Be8 31. Bd8 Rf8 32. Be7 Rf7 33. Bd8 1/2-1/2

[Event "CZE-chT2b 0607"]
[Site "Czech Republic"]
[Date "2006.11.05"]
[Round "2"]
[White "Chaloupka, Martin"]
[Black "Lacha, Josef"]
[Result "1-0"]
[WhiteElo "1800"]
[BlackElo "2090"]
[PlyCount "145"]
[EventDate "2006.10.15"]
[EventType "team"]
[EventRounds "11"]
[EventCountry "CZE"]
[SourceTitle "EXT 2009"]
[Source "ChessBase"]
[SourceDate "2008.11.26"]
[SourceVersion "1"]
[SourceVersionDate "2008.11.26"]
[SourceQuality "1"]

1. c4 Nf6 2. Nc3 e6 3. Nf3 d5 4. d4 c6 5. Bg5 Be7 6. e3 0-0 7. Bd3 Nbd7 8. 0-0 Re8 9. Qc2 Nf8 10. Ne5 N6d7 11. Bxe7 Qxe7 12. f4 g6 13. c5 f6 14. Nxd7 Qxd7 15. Rf3 f5 16. b4 Qe7 17. b5 Bd7 18. a4 Rec8 19. Rff1 Be8 20. Rfb1 Qc7 21. a5 b6 22. bxc6 bxc5 23. Ba6 Rd8 24. Bb7 Bxc6 25. Bxa8 Rxa8 26. Nb5 Qd7 27. Qxc5 a6 28. Nc3 Rc8 29. Qa3 g5 30. Na4 Qg7 31. Nb6 Re8 32. Qd6 Bb5 33. Qe5 Qg6 34. Rxb5 axb5 35. a6 Qh5 36. a7 Qe2 37. a8Q Rxa8 38. Nxa8 b4 39. Qb8 Qxe3+ 40. Kh1 gxf4 41. Qxb4 f3 42. Re1 f2 43. Rd1 Qe2 44. Qb1 Ng6 45. Rf1 e5 46. dxe5 Nxe5 47. Qd1 Qe3 48. Qxd5+ Kg7 49. Qb7+ Kg8 50. Qb8+ Kg7 51. Qc7+ Kf6 52. Qb6+ Qxb6 53. Nxb6 Nd3 54. g3 Ke5 55. Kg2 Ke4 56. Rxf2 Nxf2 57. Kxf2 h5 58. Nd7 f4 59. Nf6+ Kf5 60. Nxh5 fxg3+ 61. hxg3 Kg5 62. Nf4 Kg4 63. Nd3 Kg5 64. Kf3 Kf5 65. g4+ Kg5 66. Nc5 Kg6 67. Kf4 Kf6 68. g5+ Kg6 69. Kg4 Kg7 70. Kf5 Kf7 71. Ne6 Kg8 72. Kg6 Kh8 73. Kf7 1-0